000 00393nam a2200169Ia 4500
008 230524s9999 xx 000 0 und d
020 _a8122417221
082 _a621.38
_bWAD
100 _aC.L.Wadhwa
245 0 _aElectrical Power Systems
250 _a4TH
260 _aNEW DELHI
_bNAI
_c2005
300 _aXVI;885
500 _aQuantity Number: 64
650 _aElectrical
942 _cBK
999 _c8785
_d8785